00451nam a2200133 a 450000500170000000800410001704000120005804100080007004400070007810000290008524501400011426000530025430000100030720160209020003.0140124b1999 ck ||||| |||| 00| 0 spa d cCO-BoIH aspa ack aFranco Maya, Ana María aPrioridades de conservación de especies de fauna en Colombiabbases para su manejo y conservación a la luz de la convención CITES aBogotábInstituto Alexander von Humboldtc1999 a21 p.